| 000 | 00636nam a2200217Ii 4500 | ||
|---|---|---|---|
| 001 | 14774 | ||
| 003 | CO-ViMGA | ||
| 008 | 241108s9999||||xx |||||||||||||| ||und|| | ||
| 020 | _a9789588231945 | ||
| 040 |
_aCO-ViMGA _bspa _erda _cCO-ViMGA |
||
| 041 | 0 | _aspa | |
| 082 | 0 | 4 | _a635.920 J17f |
| 100 | 1 |
_aJosé Jaramillo Plitt _948939 |
|
| 245 | 1 | 0 | _aLa flor y otros órganos derivados |
| 264 | 1 | _aBogotá, Colombia : Universidad de Caldas, 2006 | |
| 300 | _avolumen | ||
| 336 |
_atext _btxt _2rdacontent |
||
| 337 |
_aunmediated _bn _2rdamedia |
||
| 338 |
_avolume _bnc _2rdacarrier |
||
| 940 | _aidficha_siabuc: 14466. -- ficha_no_siabuc:14774 | ||
| 999 |
_c43581 _d43581 |
||